General Knowledge Quiz #142 - Statistics

General Stats
  • This quiz has been taken 123,444 times
    59,920 since last reset
  • The average score is 11 of 20
Answer Stats
Question Answer % Correct
What company acquired the rights to the "Star Wars" franchise in 2012? Disney
88%
What language were Gutenberg's bibles written in? Latin
77%
What country has expressed interest in becoming the sixth Nordic country, joining Iceland, Sweden, Norway, Denmark, and Finland? Estonia
72%
What does "C'est la vie" mean in English? That's life
72%
What is stevia a substitute for? Sugar
71%
During what holiday would people light special nine-branched candle holders? Hanukkah
70%
Who said "The Eagle has Landed" on July 20, 1969? Neil Armstrong
70%
What can be either part of a wedding dress or a mode of transit? Train
61%
What instrument did the devil play in the song "The Devil Went Down to Georgia"? Fiddle
56%
Theocratic country #3 Vatican City
56%
What's the English version of "L'Chaim", "Prost" or "Skal"? Cheers
54%
In what park in London would one find "Speakers' Corner"? Hyde Park
48%
Theocratic country #2 Iran
48%
What anatomical feature did velociraptors have in real life, but not in "Jurassic Park"? Feathers
47%
What former British coin was worth 12 pence? Shilling
46%
What major city in Tennessee is on the Mississippi River? Memphis
41%
Theocratic country #1 Afghanistan
29%
What type of scientist was Wernher von Braun? {Rocket} scientist
28%
What Buddhist monastery in China is famous for martial arts? Shaolin
26%
What country's rural grasslands are known as the veld? South Africa
24%
No matching quizzes found
Score Distribution
Percent of People with Each Score
Percentile by Number Answered
Your Score History
You have not taken this quiz since the last reset